000 01005nam a2200277 a 4500
001 000014639
005 20200929163858.0
008 100116s1980 mx 000 0 spa d
020 _a9682301726
040 _aDO-SdBNP
_bspa
_cBNPHU
041 1 7 _aspa
_heng
_2Código de idioma MARC
082 _a923.1
_bH678s, 1980
100 1 _aHo, Chi Minh,
_d1890-1969
_933172
240 1 0 _aHo chi minh on revolution,
_lEspañol
245 1 0 _aSobre la revolución :
_bescritos escogidos (1920-66) /
_cHo Chi Minh ; compilación e introducción de Bernard B. Fall.
250 _a5a ed.
260 _aMéxico :
_bSiglo XXI,
_c1980.
300 _a308 p. ;
_c16 cm.
490 1 _aMínima
_v58
534 _pTítulo original en inglés:
_tHo chi minh on revolution,
_cNueva York : Frederick a. praeger, 1967.
600 1 0 _aHO, CHI MINH,
_d1890-1969
_933173
650 4 _aVietnam
_xPolítica y gobierno
_y1954-1969
_933174
700 1 _aFall, Bernard B.,
_ecomp.
_933175
830 0 _aMínima ;
_v58
_928232
049 _aBNGR
999 _c14223
_d14223